| 000 | 00505nam a2200205Ia 4500 | ||
|---|---|---|---|
| 001 | 6945 | ||
| 003 | IVS | ||
| 005 | 20250626030133.0 | ||
| 008 | 211022s9999 xx 000 0 und d | ||
| 040 | _cIVS | ||
| 082 | _a741.6 SAB | ||
| 100 | _aSabah Diwan | ||
| 245 | 4 | _aThe Tangible Charm | |
| 260 | _aKarachi | ||
| 260 | _bIndus Valley School | ||
| 260 | _c2001 | ||
| 300 | _a60 | ||
| 856 | _uhttps://drive.google.com/file/d/1t4Rsmn-E0LhxAJymT5aOOW5X4qzPnsYA/view?usp=sharing | ||
| 942 |
_cDISS _2ddc _n0 |
||
| 999 |
_c7265 _d7265 |
||